Francisco Ferrer: «¡Viva la Escuela Moderna!» / (Record no. 136897)

MARC details
000 -CABECERA
campo de control de longitud fija 02391nam a22003254i 4500
001 - NÚMERO DE CONTROL
campo de control 991061595575306706
003 - IDENTIFICADOR DEL NÚMERO DE CONTROL
campo de control ES-BaIT
005 - FECHA Y HORA DE LA ÚLTIMA TRANSACCIÓN
campo de control 20260120132126.0
008 - DATOS DE LONGITUD FIJA--INFORMACIÓN GENERAL
campo de control de longitud fija 260120e202511 sp 000 d spa c
017 ## - NÚMERO DE COPYRIGHT O DE DEPÓSITO LEGAL
Número de copyright o de depósito legal DL M 19066-2025
Agencia que asigna Oficina DL Madrid
020 ## - NÚMERO INTERNACIONAL ESTÁNDAR DEL LIBRO
Número Internacional Estándar del Libro 9791387624231
040 ## - FUENTE DE LA CATALOGACIÓN
Centro catalogador/agencia de origen ES-BaIT
Lengua de catalogación cat
Normas de descripción rda
Centro/agencia transcriptor ES-BaIT
080 ## - NÚMERO DE LA CLASIFICACIÓN DECIMAL UNIVERSAL
Número de la Clasificación Decimal Universal 840-2"19"
100 1# - ENTRADA PRINCIPAL--NOMBRE DE PERSONA
Nombre de persona Idée, Jean-Claude
Término indicativo de función/relación autor
9 (RLIN) 168076
240 1# - TÍTULO UNIFORME
Título uniforme Francisco Ferrer. Vive l'École Moderne.
Lenguaje de la obra Castellà
9 (RLIN) 168077
245 10 - MENCIÓN DE TÍTULO
Título Francisco Ferrer: «¡Viva la Escuela Moderna!» /
Mención de responsabilidad, etc. Jean-Claude Idée ; traducción de Pollux Hernúñez
250 ## - MENCIÓN DE EDICIÓN
Mención de edición Primera edición
264 #1 - PRODUCCIÓN, PUBLICACIÓN, DISTRIBUCIÓN, FABRICACIÓN Y COPYRIGHT
Producción, publicación, distribución, fabricación y copyright Madrid, España :
Nombre del de productor, editor, distribuidor, fabricante Punto de Vista Editores,
Fecha de producción, publicación, distribución, fabricación o copyright noviembre 2025
336 ## - TIPO DE CONTENIDO
Término de tipo de contenido text
Código de tipo de contenido txt
Fuente rdacontent
337 ## - TIPO DE MEDIO
Nombre/término del tipo de medio sense mediació
Código del tipo de medio n
Fuente rdamedia
338 ## - TIPO DE SOPORTE
Nombre/término del tipo de soporte volum
Código del tipo de soporte nc
Fuente rdacarrier
490 1# - MENCIÓN DE SERIE
Mención de serie Colección Mínima Teatro ;
Designación de volumen o secuencia 27
500 ## - NOTA GENERAL
Nota general P4: D1, H3
520 ## - SUMARIO, ETC.
Sumario, etc. "En octubre de 1909, Francisco Ferrer, pedagogo, librepensador y fundador de la Escuela Moderna, fue fusilado en Montjuïc tras un proceso militar plagado de irregularidades. Su nombre, borrado de la historia oficial, sigue siendo para muchos desconocido, pese a que sus ideas sobre una enseñanza laica, mixta, crítica y emancipadora marcaron a generaciones de educadores. En esta pieza teatral, el dramaturgo belga Jean-Claude Idée convierte aquel episodio en materia escénica: la voz del acusado, los interrogatorios, las memorias familiares y las heridas de una España dividida vuelven a resonar. Más que una biografía dramatizada, esta obra es un alegato contra el olvido y una reivindicación de la educación como acto revolucionario. Traducida por Pollux Hernúñez, llega por primera vez al lector en español para recordar que la pedagogía también se escribe con pólvora y tiza. Francisco Ferrer: «¡Viva la Escuela Moderna!» se estrenó en París en 2018, y en Bruselas en 2022. Ahora, por primera vez, llega al lector en español en la Colección Mínima Teatro de Punto de Vista Editores, que publica esta versión traducida por Pollux Hernúñez como parte de su compromiso con la memoria, la escena y la palabra crítica." -- Pàgina web Llar del llibre
600 10 - PUNTO DE ACCESO ADICIONAL DE MATERIA--NOMBRE DE PERSONA
Nombre de persona Ferrer, Francisco
Subdivisión de forma Textos dramàtics
9 (RLIN) 168078
700 ## - ENTRADA AGREGADA--NOMBRE PERSONAL
Nombre de persona Hernúñez, Pollux
Término indicativo de función/relación traductor
9 (RLIN) 150718
830 ## - PUNTO DE ACCESO ADICIONAL DE SERIE-TÍTULO UNIFORME
Título uniforme Mínima teatro
Designación de volumen o secuencia 27
9 (RLIN) 76603
908 ## - COLOCAR PARÁMETRO DE COMANDO (RLIN)
Colocar parámetro de comando CDMAE
942 ## - ELEMENTOS DE ENTRADA AGREGADA (KOHA)
Fuente del sistema de clasificación o colocación Clasificación decimal universal
Tipo de ítem Koha Llibre
Holdings
Estado de retiro Estado de pérdida Fuente del sistema de clasificación o colocación Estado dañado No para préstamo Localización permanente Ubicación/localización actual Ubicación en estantería Fecha de adquisición Fuente de adquisición Total de préstamos Signatura topográfica completa Código de barras Fecha visto por última vez Precio válido a partir de Tipo de ítem Koha
    Clasificación decimal universal     Biblioteca Barcelona Biblioteca Barcelona BCN Lliure Accés 20/01/2026 Compra   840 IDE fra 1900089636 20/01/2026 20/01/2026 Llibre

Powered by Koha